000 00561nam a2200169 4500
008 160909b xxu||||| |||| 00| 0 eng d
022 _a2094-8042
082 _aDPer 370.105 M72 Jan-Dec 2012 V. 60-61
100 _915631
_aUreta, Lady Love L.
243 _aThe modern teacher
245 _a5 pinciples for the teacher of adults learner/
_cLady Love L. Ureta.
260 _aPhilippines:
_bIn the Grade School, Inc.,
_cc2012.
300 _aV61 n4, pages 133-135;
_c28 cm.
500 _aThe Modern Teacher.
650 0 _915632
_aTeachers
942 _2ddc
_cPER
999 _c4426
_d4426